| 000 | 01191nam a2200301 a 4500 | ||
|---|---|---|---|
| 001 | 000003727 | ||
| 005 | 20200929150539.0 | ||
| 008 | 090713s2002 dr a 001 0 spa d | ||
| 040 |
_aDO-SdBNP _bspa _cBNPHU |
||
| 082 |
_a306 _bJ61c |
||
| 100 | 1 |
_aJiménez, José Francisco _911343 |
|
| 245 | 1 | 0 |
_aCultura, animación y comunidad / _cJosé Francisco Jiménez ; prólogo Felipe Medrano. |
| 260 |
_aSanto Domingo : _bUniversitaria - UASD, _c2002. |
||
| 300 |
_a112 p. : _bil. ; _c21 cm. |
||
| 490 | 1 |
_aPublicaciones de la Universidad Autónoma de Santo Domingo ; _v981 |
|
| 490 | 1 |
_aCultura y Sociedad ; _v9 |
|
| 500 | _aIncluye datos biográficos del autor en la contracubierta | ||
| 504 | _aBibliografía : p. 111-112 | ||
| 590 | _aInventariado, 2018/BT | ||
| 650 | 4 |
_aAnimación cultural _92490 |
|
| 650 | 4 |
_aActividades culturales _911344 |
|
| 650 | 4 |
_aCultura _zRepública Dominicana _91983 |
|
| 651 | 4 |
_aRepública Dominicana _xPolítica Cultural _911345 |
|
| 700 | 1 | 2 |
_aMedrano, Felipe, _epról. _911346 |
| 830 | 0 |
_aPublicaciones de la Universidad Autónoma de Santo Domingo ; _n981 _911347 |
|
| 830 | 0 |
_aCultura y Sociedad ; _n9 _911348 |
|
| 910 | _aValidado. Control de calidad. MFF | ||
| 999 |
_c3549 _d3549 |
||